| 000 | 00613nam a2200229 i 4500 | ||
|---|---|---|---|
| 001 | bg | ||
| 100 | 1 |
_aSYLWESTRZAK, Hubert. _d(1933-2009). |
|
| 245 | 1 | 0 |
_aKasyteryt : _bkruszec cyny / _cHubert Sylwestrzak. |
| 260 |
_aWarszawa : _bPańst. Instytut Geologiczny, _c1998. |
||
| 300 |
_a13 s. : _brys. ; _c19 cm. |
||
| 490 | 1 |
_aMinerały ; _vz. 21 |
|
| 500 | _aOpis wg okładki. | ||
| 650 | 9 | _aMinerały | |
| 830 | 0 |
_aMinerały ; _vz. 21 |
|
| 020 | _a8386986298 | ||
| 040 | _cBPK | ||
| 041 | 0 | _apl | |
| 080 | _a553:549 | ||
| 920 | _a83-86986-29-8 | ||
| 942 | _cKS | ||
| 008 | s pl f |000 0 pol | ||
| 999 |
_c33959 _d33959 |
||
| 856 |
_uhttp://koha.tu.koszalin.pl/cgi-bin/koha/opac-detail.pl?biblionumber=33959 _yKatalog online BPK |
||